History Quiz

Random History Quiz
Score 0/9 Timer 03:00
0 Plays Today
Hint Answer % Correct
Fruit that fell on his head (supposedly) Apple
93.7%
# of laws of motion3
65.5%
Built the first practical reflecting _______Telescope
61.1%
Year born1643 or 1642
34.1%
Year died1726 or 1727
28.8%
Father's NameIsaac Newton
20.3%
ReligionArianism
10.3%
Mother's nameHannah Ayscough
6.6%
Place bornWoolsthorpe Manor
5.2%
Remove Ads.
Support Sporcle.
Get the best of Sporcle when you Go Orange. This ad-free experience offers more features, more stats, and more fun while also helping to support Sporcle. Thank you for becoming a member.

You're not logged in!

Compare scores with friends on all Sporcle quizzes.
OR
Log In

Show Comments

Extras

Created Sep 30, 2009ReportNominate
Tags:isaac, Isaac Newton, Newton

Top Quizzes Today


Score Distribution

Your Account Isn't Verified!

In order to create a playlist on Sporcle, you need to verify the email address you used during registration. Go to your Sporcle Settings to finish the process.

Report this User

Report this user for behavior that violates our Community Guidelines.

Details: